Imaging sensors and displays : 13-14 January 1987, Los Angeles, California /

Bibliographic Details
Corporate Author: Society of Photo-optical Instrumentation Engineers
Other Authors: Freeman, Charles F.
Format: Book
Language:English
Published: Bellingham, Wash., USA : SPIE--the International Society for Optical Engineering, [1987]
Series:Proceedings of SPIE--the International Society for Optical Engineering ; v. 765.
Subjects:

MARC

Tag First Indicator Second Indicator Subfields
LEADER 00000cam a2200000 a 4500
001 in00000031354
005 20160201114743.0
008 870203s1987 waua b 10100 eng
010 |a  87060348  
020 |a 0892528001 (pbk.) 
035 |a (OCoLC)15558369 
035 |9 AAC0750AM 
040 |a DLC  |c DLC  |d TXA  |d UtOrBLW 
049 |a TXAM  |c [A11683020] 
050 0 0 |a TK8315.I46 1987 
082 0 |a 621.36  |2 19 
245 0 0 |a Imaging sensors and displays :  |b 13-14 January 1987, Los Angeles, California /  |c Charles F. Freeman, chair/editor ; sponsored by SPIE--the International Society for Optical Engineering in cooperation with Center for Applied Optics/University of Alabama in Huntsville [and others]. 
264 1 |a Bellingham, Wash., USA :  |b SPIE--the International Society for Optical Engineering,  |c [1987] 
264 4 |c ©1987 
300 |a vi, 133 pages :  |b illustrations (some color) ;  |c 28 cm. 
336 |a text  |b txt  |2 rdacontent 
337 |a unmediated  |b n  |2 rdamedia 
338 |a volume  |b nc  |2 rdacarrier 
490 1 |a Proceedings of SPIE--The International Society for Optical Engineering ;  |v v. 765 
504 |a Includes bibliographies and index. 
650 0 |a Imaging systems  |v Congresses. 
700 1 |a Freeman, Charles F. 
710 2 |a Society of Photo-optical Instrumentation Engineers. 
830 0 |a Proceedings of SPIE--the International Society for Optical Engineering ;  |v v. 765. 
999 |a MARS 
999 f f |s a1d38e22-453f-31bc-8929-b0cc63a3f03d  |i 33ca3cb3-9859-3526-b817-6952251cf0ea  |t 0 
952 f f |p ric  |a Texas A&M University  |b Rellis Campus  |c Joint Library Facility  |d Remote Storage  |t 0  |e TK8315 .I46 1987  |h Library of Congress classification  |i unmediated -- volume  |m A14811683020 
998 f f |a TK8315 .I46 1987  |t 0  |l Remote Storage